000 00759nam a2200229Ii 4500
003 JO-AjNU
008 230605s9999||||xx |||||||||||||| ||und||
017 _a2012/14381
020 _a978-977-04-7072-5
040 _aJO-AjNU
_bara
_erda
_cJO-AjNU
041 _aara
050 1 4 _aKRM3647.2012
100 3 _aعبدالبارى، رضا عبد الحليم عبدالمجيد,
_eauthor
_944808
245 0 0 _aمصادر الإلتزام : المصادر غير الإرادية
250 _aط1
264 3 1 _aالقاهرة : دار النهضة العربية ، 2012
300 _a273ص
336 _atext
_btxt
_2rdacontent
337 _aunmediated
_bn
_2rdamedia
338 _avolume
_bnc
_2rdacarrier
650 4 _aمصادر الالتزام
_944809
999 _aA19376
_c22944
_d22944